000 00774nam a2200265 i 4500
003 DO-SdBNP
005 20250107093759.0
007 ta
008 250107b2006 dr ||||| |||| 00| 0 spa d
020 _a9945978420166
040 _aDO-SdBNP
_bspa
_cBNPHU
_erda
041 _hspa
082 4 _axxx
_bZ396t
_222
100 _aZayas,Noé
_eautor
_986357
245 1 0 _aTrapecio /
_cNoé Zayas
264 _aSan Francisco de Macoris :
_bAngeles de Fierro,
_c2006
300 _a90 páginas :
_bIlustraciones ;
_c21 cm.
336 _2rdacontent
_atexto
_btxt
337 _2rdamedia
_asin mediación
_bn
338 _2rdacarrier
_avolumen
_bnc
586 _aPremio Nacional de cuento José Ramón López, 2006
590 _aInventariado, 2025/DG
910 _aDG
942 _2ddc
_cLBS1
999 _c57988
_d57988